000 01008nam a22002657a 4500
010 _aBAC-CH25
020 _a9780545440202
_c499.00
020 _a9780545440202
_c550.00 (AV)
035 _aB-562324-354
035 _aG-003062
035 _aB-665266
037 _aDPL
_bUBH/vendor
082 _aS
245 _aThe journey to Atlantis /
_cby Thea Stilton ; [illustrations by Barbara Pellizzari and Chiara Balleello ; translated by Julia Heim.]
260 _aNew York
_bScholasticInc.
_c2013(repr)
270 _a557 Broadway
_bNew York
_eNY 10012
300 _a305p.:
_bcol. ill
_c20cm(Hb)
490 _aGeronimo Stilton
700 _aPellizzari, Barbara
_eill.
700 _aBalleello, Chiara
_eill.
942 _2ddc
_cCH
_hS
_mSTI
999 _c86758
_d86758